| 000 | 01467cam a2200277 4500500 | ||
|---|---|---|---|
| 005 | 20260329020704.0 | ||
| 041 | _afre | ||
| 042 | _adc | ||
| 100 | 1 | 0 |
_aSolini, Laurent _eauthor |
| 245 | 0 | 0 | _aMozart por Elías. Y por cuerpo |
| 260 | _c2020. | ||
| 500 | _a8 | ||
| 520 | _aEn este texto, vuelvo al análisis de Wolfgang Amadeus Mozart realizado por Norbert Elias. Cautivante es la precisión con la que el historiador moviliza el proceso civilizador a través de tradiciones para hacer inteligible la recepción de su música. En particular, a lo largo de este ensayo, se analizan las formas en que el cuerpo del compositor por así decirlo juega, "contra" la recepción de su música dentro de las configuraciones de la aristocracia de la corte. En apoyo de su demostración, se encuentran los intercambios epistolares que Mozart mantiene con quienes están cerca de él, intercambios que a veces tomo partido a fin de aumentar para apoyar o equilibrar las tesis defendidas en "Sociología de un genio". | ||
| 690 | _acivilización modales | ||
| 690 | _aconfiguraciones | ||
| 690 | _acuerpo. | ||
| 690 | _aMozart | ||
| 690 | _aPalabras claveElías | ||
| 690 | _abody | ||
| 690 | _aconfigurations | ||
| 690 | _aElias | ||
| 690 | _aMozart | ||
| 690 | _athe civilizing process | ||
| 786 | 0 | _nStaps | 128 | 2 | 2020-10-07 | p. 97-104 | 0247-106X | |
| 856 | 4 | 1 | _uhttps://shs.cairn.info/revista-staps-2020-2-page-97?lang=es&redirect-ssocas=7080 |
| 999 |
_c1907240 _d1907240 |
||